Practical Non-Destructive Testing (Record no. 348542)

MARC details
000 -LEADER
fixed length control field 00507nam a2200181Ia 4500
008 - FIXED-LENGTH DATA ELEMENTS--GENERAL INFORMATION
fixed length control field 230718s9999 xx 000 0 und d
020 ## - INTERNATIONAL STANDARD BOOK NUMBER
International Standard Book Number 9788173197970
041 ## - LANGUAGE CODE
Language code of text/sound track or separate title eng
082 ## - DEWEY DECIMAL CLASSIFICATION NUMBER
Classification number 620.1127
Item number RAJ
100 ## - MAIN ENTRY--PERSONAL NAME
Personal name Raj B.
9 (RLIN) 161205
245 ## - TITLE STATEMENT
Title Practical Non-Destructive Testing
250 ## - EDITION STATEMENT
Edition statement 3rd ed.
260 ## - PUBLICATION, DISTRIBUTION, ETC. (IMPRINT)
Date of publication, distribution, etc. 2018
Name of publisher, distributor, etc. Narosa Publishing
300 ## - PHYSICAL DESCRIPTION
Extent 211
365 ## - TRADE PRICE
Currency code Rs.
Price amount 305.00
700 ## - ADDED ENTRY--PERSONAL NAME
Personal name Raj B.; Jayakumar T. & Thavasimuthu M.
9 (RLIN) 190112
906 ## - LOCAL DATA ELEMENT F, LDF (RLIN)
d O:0613125-Sep-2018B:539622-Sep-2018
c TM
b 610
Holdings
Withdrawn status Lost status Damaged status Not for loan Home library Current library Date acquired Vendor Budget Code Cost, normal purchase price Bill number Total Checkouts Full call number Barcode Date last seen Discount Cost, replacement price Bill Date Koha item type Original Barcode
        Cummins College of Engineering for Women Pune Cummins College of Engineering for Women Pune 25/09/2018 Om Book Stall TM 228.75 5396   620.1127 CCEP-BK-59749 18/07/2023 610 305.00 22/09/2018 Books 059749